| 000 | 00660cam a22002411 4500 | ||
|---|---|---|---|
| 001 | sa 68002078 | ||
| 003 | DLC | ||
| 005 | 20260227112439.0 | ||
| 008 | 710903s1967 ii 00000 eng | ||
| 010 | _asa 68002078 | ||
| 025 | _aPL480:I-E-9104 | ||
| 043 | _aa-ii--- | ||
| 050 | 0 |
_aHG3284 _b.R6 |
|
| 082 | _a338.954 | ||
| 100 | 1 | 0 | _aRoy, Ajit. |
| 245 | 1 | 0 |
_aNationalisation of banking monopolies; _ban urgent task. |
| 260 | 0 |
_a[Calcutta, _bNational Publishers, _c1967] |
|
| 300 |
_a20 p. _c22 cm. |
||
| 350 | _aRe0.75 | ||
| 500 | _aCover title. | ||
| 650 | 0 |
_aBanks and banking _xGovernment ownership _zIndia. |
|
| 650 | 0 |
_aGovernment ownership _zIndia. |
|
| 999 |
_c78441 _d78441 |
||